Sympathy is a knife - Charli xcx - All Lyrics - Statistics

General Stats
  • This quiz has been taken 116 times
  • The average score is 238 of 287
Answer Stats
Answer % Correct
a
100%
I
100%
is
98%
sympathy
98%
knife
96%
knife?
96%
Oh
96%
(Oh
96%
oh
96%
just
95%
wanna
93%
don't
91%
Don't
91%
all
89%
All
89%
be
89%
could
89%
if
89%
on
89%
This
89%
this
89%
'Cause
88%
couldn't
88%
Couldn't
88%
even
88%
my
88%
the
88%
he
86%
tried
86%
and
84%
girl
84%
her
84%
I'm
84%
it,
84%
no,
84%
no)
84%
no
84%
see
84%
so
82%
can't
81%
know
81%
me
81%
other
81%
share
81%
side
81%
space
79%
they
79%
why
79%
Why
79%
at
77%
boyfriend's
77%
insecurities
77%
it's
77%
shoot
77%
show
77%
myself?
75%
opposite,
75%
say
75%
that
75%
Yeah,
75%
feel
74%
gun?
74%
one
74%
One
74%
or
74%
paranoid
74%
back
72%
buy
72%
control
72%
lie?
72%
real
72%
to
72%
George
70%
says
70%
Says
70%
smile
70%
teeth
70%
backstage
68%
naive
68%
tells
68%
break
67%
force
67%
up
67%
feelings
65%
hope
65%
spiraling
65%
taps
65%
these
65%
behind
63%
voice
63%
with
63%
have
61%
dialogue
60%
he's
60%
grit
58%
quick
58%
crossed
56%
Fingers
56%
laugh
56%
war
56%
was
53%
but
51%
stop
49%
there
49%
fucking
47%
need
47%
embarassed
46%
now
46%
apart
44%
God
44%
I'd
44%
tearing
42%
apprehensive
40%
Volatile
39%
Wild
37%
No matching quizzes found
Score Distribution
Percent of People with Each Score
Percentile by Number Answered
Your Score History
You have not taken this quiz